الموسوعة المصرفية : (Record no. 15329)
[ view plain ]
| 000 -الفاتح | |
|---|---|
| حقل البيانات ثابتة الطول | 01733nam a22002417a 4500 |
| 008 - عناصر البيانات ثابتة الطول - معلومات عامة | |
| حقل البيانات ثابتة الطول | 110519s2011 ua|||||r|||| 000 0 ara d |
| 020 ## - الرقم الدولى المعيارى للكتب | |
| الرقم الدولى المعيارى للكتاب | 9789773771307(مج1) |
| 020 ## - الرقم الدولى المعيارى للكتب | |
| الرقم الدولى المعيارى للكتاب | 9789773771314 (مج2) |
| 082 ## - رقم تصنيف ديوى العشرى | |
| رقم الطبعة | 22 |
| رقم التصنيف | 332.103 |
| رقم المادة | س ي س |
| 100 ## - المدخل الرئيسى - إسم شخصى | |
| 9 (RLIN) | 23938 |
| الإسم الشخصى | السيسي، صلاح الدين حسن |
| 245 ## - بيان العنوان | |
| العنوان | الموسوعة المصرفية : |
| بقية العنوان | العلمية والعملية / |
| بيان المسئوليه,etc | صلاح الدين حسن السيسي |
| 260 ## - PUBLICATION, DISTRIBUTION, ETC. (IMPRINT) | |
| مكان الناشر او الموزع | القاهرة : |
| اسم الناشر او الموزع | مجموعة النيل العربية، 2011 |
| تاريخ النشر أو التوزيع | 2011 |
| 300 ## - الوصف المادى | |
| التعداد | 2 مج: |
| تفاصيل ماديه اخرى للوعاء | أيض ؛ |
| أبعاد الوعاء | 25 سم |
| 504 ## - تبصرة ببليوجرافية | |
| تبصرة ببليوجرافية,الخ | يشتمل على إرجاعات ببليوجرافية |
| 505 ## - تبصرة محتويات-الفهرس | |
| تبصرة المحتويات المصاغة | المحتويات: ج1، أهمية وأنواع البنوك، وتطور الجهاز المصرفي المصري، وهيكله، وإدارته- مصادر أموال البنوك واستخداماتها، وإيرادات ومصروفات البنوك - الحسابات والخدمات المصرفية، والمخاطر المصرفية - - ج2، نظم المحاسبة والرقابة المصرفية، وتقييم أداء البنوك - البنوك الإسلامية، والبنوك الشاملة، والبنك المركزي المصري - البنوك ومنظمة التجارة العالمية، وتحرير الخدمات المالية، وغسل الأموال، والأزمات المالية والاقتصادية العالمية |
| 650 ## - المدخل الاضافى بالموضوع-مصطلح موضوعى | |
| 9 (RLIN) | 572 |
| مصطلح موضوعي أو اسم جغرافي كعنصر مدخل | البنوك الاسلامية |
| 650 ## - المدخل الاضافى بالموضوع-مصطلح موضوعى | |
| 9 (RLIN) | 23939 |
| مصطلح موضوعي أو اسم جغرافي كعنصر مدخل | البنوك |
| التقسيم الفرعي العام | الحسابات المصرفية |
| 650 ## - المدخل الاضافى بالموضوع-مصطلح موضوعى | |
| 9 (RLIN) | 23940 |
| مصطلح موضوعي أو اسم جغرافي كعنصر مدخل | البنوك |
| التقسيم الفرعي العام | محاسبة |
| 650 ## - المدخل الاضافى بالموضوع-مصطلح موضوعى | |
| 9 (RLIN) | 23941 |
| مصطلح موضوعي أو اسم جغرافي كعنصر مدخل | البنوك المركزية |
| 650 ## - المدخل الاضافى بالموضوع-مصطلح موضوعى | |
| 9 (RLIN) | 23942 |
| مصطلح موضوعي أو اسم جغرافي كعنصر مدخل | الحماية المصرفية |
| 653 ## - مصطلح تكشيفى غير مقيد | |
| Resource For college | |
| Arrived date list | May2011 |
| 942 ## - عناصر المدخل الإضافي( كوها) | |
| مصدر التصنيف او مخطط الترفيف | Dewey Decimal Classification |
| Koha [default] item type | Book - Borrowing |
| حالة التراجع | حالة الفقد | مصدر التصنيف او خطة الترفيف | حالة تلف | ليس للاعارة | مجموعات كوها | المكان الدائم | المكان الحالي | موقع الترفيف | تاريخ الاكتساب | Source of acquisition | سعر الشراء الطبيعي | رقم الاستدعاء | الباركود | Date last seen | نوع الوعاء | تبصرة عامة |
|---|---|---|---|---|---|---|---|---|---|---|---|---|---|---|---|---|
| Dewey Decimal Classification | Arab nile group | Central Library | Central Library | Ground Floor | 19/05/2011 | 150.00 | 332.103 س ي س | 000023609 | 15/07/2025 | Reference (NB) | ج2 | |||||
| Dewey Decimal Classification | Arab nile group | Central Library | Central Library | Ground Floor | 19/05/2011 | 150.00 | 332.103 س ي س | 000023608 | 15/07/2025 | Reference (NB) | ج1 |